00329nam a2200109Ia 4500008004100000082001500041100001900056245002600075942000600101952009700107999001500204240331s9999 xx 000 0 und d a303.6bDES aDe Silva, K.M. 0aReaping the whirlwind cL 001040708LaWERCLbWERCLcSSCd2024-03-31l0o 303.6 DESp2634r2024-03-31w2024-03-31yL c1254d1254